000 00294nam a2200109Ia 4500
008 200302s9999 xx 000 0 und d
100 _aH. Leslie Simmons & Other
245 _aConstruction Principles Materials and Methods
260 _bVan Nostrand Reinhold
260 _c1995
300 _a1172 P.,
999 _c2113
_d2113